[Event "Bogota op 07"]
[Site "Bogota"]
[Date "2012.07.19"]
[Round "1"]
[White "Peraza, Leonardo"]
[Black "Zurmely, Frank"]
[Result "0-1"]
[WhiteElo "1754"]
[BlackElo "2239"]
[PlyCount "84"]
[EventDate "2012.07.19"]
[EventType "swiss"]
[EventRounds "7"]
[EventCountry "COL"]
[SourceTitle "EXT 2024"]
[Source "ChessBase"]
[SourceDate "2023.10.10"]
[SourceVersion "1"]
[SourceVersionDate "2023.10.10"]
[SourceQuality "1"]

1. d4 Nf6 2. Nf3 g6 3. c4 Bg7 4. Nc3 d6 5. e4 0-0 6. Be2 Nbd7 7. 0-0 e5 8. Be3 Ng4 9. Bg5 f6 10. Bd2 Nh6 11. b4 Nf7 12. Rc1 Kh8 13. Bd3 f5 14. d5 f4 15. h4 g5 16. g3 Bf6 17. hxg5 Nxg5 18. Kg2 Rg8 19. Rh1 Nf8 20. Nxg5 Rxg5 21. Be2 Qe7 22. Rh5 Rg6 23. g4 Bg5 24. f3 Nd7 25. Be1 Nf6 26. Rh2 Bd7 27. Bf2 Rf8 28. c5 Nxg4 29. fxg4 f3+ 30. Bxf3 Bxc1 31. Qxc1 Qf7 32. Qe3 Rf6 33. Rh3 Bxg4 34. Rg3 Rxf3 35. Rxf3 Bxf3+ 36. Kf1 Qh5 37. Ke1 Qh1+ 38. Kd2 Qg2 39. Ke1 a6 40. Qh6 Qh1+ 41. Qxh1 Bxh1 42. Ke2 Kg7 0-1

[Event "Goch op 07th"]
[Site "Goch"]
[Date "1996.10.20"]
[Round "7"]
[White "Wolkowski, Boris"]
[Black "Zurmely, Frank"]
[Result "0-1"]
[WhiteElo "2052"]
[BlackElo "2245"]
[PlyCount "51"]
[EventDate "1996.10.17"]
[EventType "swiss"]
[EventRounds "7"]
[EventCountry "GER"]
[SourceTitle "EXT 2000"]
[Source "ChessBase"]
[SourceDate "1999.11.16"]
[SourceVersion "1"]
[SourceVersionDate "1999.11.16"]
[SourceQuality "1"]

1. d4 Nf6 2. c4 c5 3. d5 e6 4. Nc3 exd5 5. cxd5 d6 6. e4 g6 7. Nf3 Bg7 8. h3 0-0 9. Bd3 b5 10. Nxb5 Nxe4 11. Bxe4 Re8 12. Ng5 Qa5+ 13. Nc3 h6 14. Ne6 Bxc3+ 15. bxc3 Ba6 16. Bd2 Qb5 17. Bxg6 fxg6 18. Qg4 Kh7 19. 0-0-0 Nd7 20. Qf4 Rxe6 21. Qf7+ Kh8 22. Bxh6 Rg8 23. dxe6 Ne5 24. Qf6+ Kh7 25. Qh4 Rb8 26. Rde1 0-1

[Event "Goch op 07th"]
[Site "Goch"]
[Date "1996.10.18"]
[Round "2"]
[White "Zurmely, Frank"]
[Black "Proettel, Swen"]
[Result "1/2-1/2"]
[WhiteElo "2245"]
[BlackElo "2017"]
[PlyCount "121"]
[EventDate "1996.10.17"]
[EventType "swiss"]
[EventRounds "7"]
[EventCountry "GER"]
[SourceTitle "EXT 2000"]
[Source "ChessBase"]
[SourceDate "1999.11.16"]
[SourceVersion "1"]
[SourceVersionDate "1999.11.16"]
[SourceQuality "1"]

1. e4 c6 2. d3 g6 3. Nf3 Bg7 4. g3 d6 5. Bg2 Nf6 6. 0-0 0-0 7. Re1 e5 8. Nc3 c5 9. Bg5 h6 10. Bxf6 Qxf6 11. Nd5 Qd8 12. c3 Nc6 13. a3 Be6 14. b4 b6 15. Rc1 Ne7 16. Nxe7+ Qxe7 17. d4 cxd4 18. cxd4 Rfc8 19. Qd3 Rxc1 20. Rxc1 Rc8 21. Rxc8+ Bxc8 22. Qc4 Bb7 23. d5 Qd7 24. b5 Qc8 25. Nd2 Kf8 26. Qxc8+ Bxc8 27. Nc4 Ke7 28. a4 Bd7 29. Kf1 Bf8 30. Ke2 Kd8 31. h4 h5 32. Ke3 Kc7 33. Bf1 Bh6+ 34. Kd3 f5 35. Bg2 f4 36. Bf3 fxg3 37. fxg3 Bc8 38. Nb2 a6 39. Kc4 axb5+ 40. axb5 Bh3 41. Be2 Be3 42. Nd1 Bg1 43. Kd3 Bh2 44. Nf2 Bd7 45. g4 Bxb5+ 46. Ke3 Bxe2 47. Kxe2 Bg3 48. gxh5 gxh5 49. Nd3 Bxh4 50. Nb4 Bg5 51. Nc6 h4 52. Kf3 b5 53. Nb4 Kb6 54. Kg4 Kc5 55. Na6+ Kd4 56. Nc7 b4 57. Ne6+ Kxe4 58. Nxg5+ Kxd5 59. Kxh4 e4 60. Kg3 b3 61. Kf4 1/2-1/2

[Event "Paris-ch op"]
[Site "Paris"]
[Date "1993.??.??"]
[Round "3"]
[White "Bartha, Andrei"]
[Black "Zurmely, Frank"]
[Result "1-0"]
[WhiteElo "2205"]
[BlackElo "2290"]
[PlyCount "77"]
[EventDate "1993.04.??"]
[EventType "swiss"]
[EventRounds "9"]
[EventCountry "FRA"]
[SourceTitle "EXT 1998"]
[Source "ChessBase"]
[SourceDate "1997.11.17"]
[SourceVersion "1"]
[SourceVersionDate "1997.11.17"]
[SourceQuality "1"]

1. d4 Nf6 2. Nf3 d5 3. Bg5 e6 4. e3 Be7 5. Nbd2 Nbd7 6. Bd3 0-0 7. 0-0 b6 8. c3 Bb7 9. Qb1 h6 10. Bh4 c5 11. b4 Bc6 12. a4 a5 13. b5 Bb7 14. Rc1 Rc8 15. h3 Bd6 16. Nf1 e5 17. Bf5 cxd4 18. Bxf6 gxf6 19. cxd4 e4 20. Nh4 Rxc1 21. Qxc1 Qe7 22. Qd1 Rd8 23. Qh5 Kg7 24. Bxd7 Qxd7 25. Nf5+ Kf8 26. Qxh6+ Ke8 27. Qxf6 Bf8 28. N1g3 Qc7 29. Ng7+ Bxg7 30. Qxg7 Qc3 31. Rf1 Bc8 32. Qh8+ Kd7 33. Qe5 Bb7 34. Nf5 Ba8 35. Qd6+ Kc8 36. Ne7+ Kb7 37. Qxd8 Ka7 38. Qd7+ Bb7 39. Nc6+ 1-0

[Event "Paris-ch op"]
[Site "Paris"]
[Date "1993.??.??"]
[Round "1"]
[White "Cabanna, Daniel"]
[Black "Zurmely, Frank"]
[Result "0-1"]
[WhiteElo "2110"]
[BlackElo "2240"]
[PlyCount "98"]
[EventDate "1993.04.??"]
[EventType "swiss"]
[EventRounds "9"]
[EventCountry "FRA"]
[SourceTitle "TD"]
[Source "ChessBase"]
[SourceDate "1994.03.01"]
[SourceVersion "1"]
[SourceVersionDate "1994.03.01"]
[SourceQuality "1"]

1. Nf3 Nf6 2. d4 g6 3. g3 Bg7 4. Bg2 0-0 5. 0-0 d6 6. c4 Nbd7 7. Nc3 e5 8. e4 c6 9. h3 Re8 10. Be3 a6 11. a4 a5 12. Qc2 Nb8 13. Rad1 Qe7 14. Rfe1 Na6 15. d5 c5 16. Qd2 Nb4 17. Rf1 Bd7 18. Ne1 Nh5 19. g4 Nf6 20. Bg5 Qf8 21. Nd3 Kh8 22. b3 Ng8 23. f4 Nxd3 24. Qxd3 h6 25. fxe5 hxg5 26. e6 Bd4+ 27. Kh1 Re7 28. exd7 Rxd7 29. Ne2 Be5 30. Rf3 Nf6 31. Rdf1 Kg7 32. Qe3 Qh8 33. Kg1 Qh4 34. Qf2 Qxf2+ 35. R3xf2 Re8 36. Rd1 Rde7 37. Kf1 Bb2 38. Rd2 Be5 39. Bf3 Bf4 40. Nxf4 gxf4 41. g5 Nxe4 42. Bxe4 Rxe4 43. Rf3 f6 44. h4 Rh8 45. gxf6+ Kxf6 46. Rh2 Kf5 47. Rfh3 Kg4 48. h5 g5 49. h6 Rhe8 0-1

[Event "Paris-ch op"]
[Site "Paris"]
[Date "1993.??.??"]
[Round "6"]
[White "Nemety, Laszlo"]
[Black "Zurmely, Frank"]
[Result "0-1"]
[WhiteElo "2235"]
[BlackElo "2290"]
[PlyCount "86"]
[EventDate "1993.04.??"]
[EventType "swiss"]
[EventRounds "9"]
[EventCountry "FRA"]
[SourceTitle "EXT 1998"]
[Source "ChessBase"]
[SourceDate "1997.11.17"]
[SourceVersion "1"]
[SourceVersionDate "1997.11.17"]
[SourceQuality "1"]

1. d4 Nf6 2. e3 g6 3. Ne2 Bg7 4. g3 0-0 5. Bg2 d6 6. c4 c5 7. Nbc3 Nc6 8. d5 Ne5 9. b3 Bf5 10. 0-0 Qc8 11. e4 Bh3 12. f4 Bxg2 13. Kxg2 Ned7 14. Bb2 Nxe4 15. Qc2 Nxc3 16. Bxc3 Nf6 17. f5 b5 18. h3 bxc4 19. bxc4 Qa6 20. Qd3 Nd7 21. Bxg7 Kxg7 22. Qc3+ Ne5 23. Rf4 Rab8 24. g4 Rb4 25. Rc1 Qxa2 26. Rc2 Qb3 27. Nc1 Qxc3 28. Rxc3 g5 29. Re4 Rfb8 30. Nd3 Nxd3 31. Rxd3 Rb2+ 32. Kg3 R2b3 33. Rde3 Rxe3+ 34. Rxe3 Kf6 35. h4 h6 36. hxg5+ hxg5 37. Kf2 Rb4 38. Rc3 a5 39. Ke2 a4 40. Rc1 Rb3 41. Rh1 a3 42. Rh6+ Kg7 43. Rh5 a2 0-1

[Event "Paris-ch op"]
[Site "Paris"]
[Date "1993.??.??"]
[Round "2"]
[White "Zurmely, Frank"]
[Black "Shevelev, Sergei"]
[Result "0-1"]
[WhiteElo "2240"]
[BlackElo "2395"]
[PlyCount "70"]
[EventDate "1993.04.??"]
[EventType "swiss"]
[EventRounds "9"]
[EventCountry "FRA"]
[SourceTitle "CBM 038"]
[Source "ChessBase"]
[SourceDate "1994.02.01"]
[SourceVersion "1"]
[SourceVersionDate "1994.02.01"]
[SourceQuality "1"]

1. e4 e5 2. Nf3 Nc6 3. Bb5 a6 4. Ba4 Nf6 5. 0-0 Be7 6. Qe2 b5 7. Bb3 d6 8. a4 Bg4 9. c3 Rb8 10. axb5 axb5 11. Ra6 Qd7 12. Na3 Nh5 13. d4 exd4 14. Bd5 Nd8 15. cxd4 c6 16. e5 0-0 17. h3 Bxh3 18. Nh2 cxd5 19. Qxh5 Be6 20. Nc2 dxe5 21. dxe5 Qc8 22. Ra7 Nc6 23. Ra1 Nxe5 24. Bf4 Qxc2 25. Bxe5 Rbc8 26. Ra7 Bc5 27. Rb7 f6 28. Bf4 Qxb2 29. Ng4 Rf7 30. Rxf7 Bxf7 31. Qf5 Re8 32. Rb1 Qe2 33. Qd7 Qe4 34. Rxb5 Qxf4 35. Rxc5 Re1# 0-1

[Event "Val Maubuee op"]
[Site "Val Maubuee"]
[Date "1989.??.??"]
[Round "?"]
[White "Zurmely, Frank"]
[Black "Guedon, Stephane"]
[Result "1/2-1/2"]
[WhiteElo "2040"]
[BlackElo "1940"]
[PlyCount "35"]
[EventDate "1989.04.??"]
[EventType "swiss"]
[EventRounds "9"]
[EventCountry "FRA"]
[SourceTitle "TD"]
[Source "ChessBase"]
[SourceDate "1994.03.01"]
[SourceVersion "1"]
[SourceVersionDate "1994.03.01"]
[SourceQuality "1"]

1. e4 e6 2. d3 c5 3. Nf3 Nc6 4. g3 g6 5. Bg2 Bg7 6. 0-0 Nge7 7. Nc3 0-0 8. Be3 Nd4 9. Rb1 b6 10. Nh4 Bb7 11. f4 d5 12. Bf2 Qd7 13. a3 Rac8 14. Nf3 Nxf3+ 15. Qxf3 d4 16. Nd1 f5 17. Qe2 e5 18. Bh3 1/2-1/2